Largest U.S. Cities Ending in '-Point' Quiz Stats

 Plays Quiz not verified by Sporcle

Challenge
Share
Tweet
Embed
Score 0/12 Timer 03:00
0 Plays Today
State City % Correct
North CarolinaHigh Point
90.1%
MississippiWest Point
75.2%
UtahWest Point
75.2%
GeorgiaEast Point
73%
WisconsinStevens Point
40.4%
IndianaCrown Point
31.9%
OregonCentral Point
31.9%
AlabamaCenter Point
30.5%
CaliforniaDana Point
28.4%
MississippiMoss Point
27%
New JerseySomers Point
19.9%
FloridaLighthouse Point
13.5%

You're not logged in!

Compare scores with friends on all Sporcle quizzes.
Join for Free
OR
Log In

You Might Also Like...

Show Comments

Extras

Top Quizzes Today


Score Distribution

Your Account Isn't Verified!

In order to create a playlist on Sporcle, you need to verify the email address you used during registration. Go to your Sporcle Settings to finish the process.

Report this User

Report this user for behavior that violates our Community Guidelines.

Details: